书目信息 |
| 题名: |
生死攸关的钙离子(导读版)
|
|
| 作者: | 迈克拉克 , 克雷布斯 , 克雷布斯Joachim Krebs 著 | |
| 分册: | ||
| 出版信息: | 北京 科学出版社 2008.02 |
|
| 页数: | 557页 | |
| 开本: | 26cm | |
| 丛书名: | 《生物化学最新进展》第41卷 | |
| 单 册: | ||
| 中图分类: | Q582 | |
| 科图分类: | ||
| 主题词: | 钙离子--gai li zi--生物化学--英文 | |
| 电子资源: | ||
| ISBN: | 978-7-03-021031-9 | |
| 000 | 01556nam 2200277 450 | |
| 005 | 20080918095217.70 | |
| 010 | @a978-7-03-021031-9@b精装@dCNY128.00 | |
| 100 | @a20080624d2008 em y0chiy0121 ea | |
| 101 | 0 | @achi@aeng |
| 102 | @aCN@b110000 | |
| 105 | @aa z 001yy | |
| 200 | 1 | @a生死攸关的钙离子(导读版)@Asheng si you guan de gai li zi ( dao dU ban )@d= Calcium: A Matter of Life or Death@f(瑞士)克雷布斯Joachim Krebs, Marek Michalak@F(rui shi)ke lei bu si Joachim Krebs,Marek Michalak@zeng |
| 210 | @a北京@c科学出版社@d2008.02 | |
| 215 | @a557页@c图@d26cm | |
| 225 | 2 | @a《生物化学最新进展》第41卷@A《sheng wu hua xue zui xin jin zhan》di 41 juan |
| 330 | @a钙离子是一个多功能的信号载体,调节着多种细胞活动,例如产生生命的受精过程和结束生命的程序性细胞死亡。钙稳态的严密控制有赖于离子通道、泵和交换体的协调运作,它们就像闸门一样控制着钙离子的进入和释放。由于钙信使的多功能性,钙信号转导研究在近半个世纪取得了长足进步。本书主编约请了该领域知名专家对钙信号转导的最新进展进行了综述。这是迄今关于这个快速发展领域的最全面总结,既富有见地地剖析了钙信号转导领域各方面的研究进展,也指明了尚待探索的问题。 | |
| 410 | 0 | @12001 @a《生物化学最新进展》第41卷 |
| 510 | 1 | @aCalcium: A Matter of Life or Death@zeng |
| 606 | 0 | @a钙离子@Agai li zi@x生物化学@j英文 |
| 690 | @aQ582@v4 | |
| 701 | 1 | @a迈克拉克@Amai ke la ke,@bM.@g(Michalak, Marek)@4著 |
| 701 | 1 | @a克雷布斯@Ake lei bu si,@bJ.@g(Krebs, Joachim)@4著 |
| 701 | 0 | @a克雷布斯Joachim Krebs@Ake lei bu si Joachim Krebs |
| 801 | 0 | @aCN@bLR@c20080918 |
| 905 | @aZUCC@dQ582@eK640 | |
| 999 | @aLYX | |
| 生死攸关的钙离子(导读版)= Calcium: A Matter of Life or Death/(瑞士)克雷布斯Joachim Krebs, Marek Michalak.-北京:科学出版社,2008.02 |
| 557页:图;26cm.-(《生物化学最新进展》第41卷) |
| ISBN 978-7-03-021031-9(精装):CNY128.00 |
| 钙离子是一个多功能的信号载体,调节着多种细胞活动,例如产生生命的受精过程和结束生命的程序性细胞死亡。钙稳态的严密控制有赖于离子通道、泵和交换体的协调运作,它们就像闸门一样控制着钙离子的进入和释放。由于钙信使的多功能性,钙信号转导研究在近半个世纪取得了长足进步。本书主编约请了该领域知名专家对钙信号转导的最新进展进行了综述。这是迄今关于这个快速发展领域的最全面总结,既富有见地地剖析了钙信号转导领域各方面的研究进展,也指明了尚待探索的问题。 |
| ● |
| 相关链接 |
|
|
|
正题名:生死攸关的钙离子(导读版)
索取号:Q582/K640
 
预约/预借
| 序号 | 登录号 | 条形码 | 馆藏地/架位号 | 状态 | 备注 |
| 1 | 678090 | 206780900 | 自科库401/401自科库 30排2列2层/ [索取号:Q582/K640] | 在馆 | |
| 2 | 678091 | 206780919 | 自科库401/401自科库 30排2列2层/ [索取号:Q582/K640] | 在馆 | |
| 3 | 678092 | 206780928 | 自科库401/401自科库 30排2列2层/ [索取号:Q582/K640] | 在馆 |